Descolectivización: reforma agraria "desde abajo"
Gorde:
| Formatua: | Texto |
|---|---|
| Gaiak: | |
| Etiketak: |
Etiketa erantsi
Etiketarik gabe, Izan zaitez lehena erregistro honi etiketa jartzen!
|
MARC
| LEADER | 00000 a a2200000 04500 | ||
|---|---|---|---|
| 001 | 7089 | ||
| 003 | |||
| 040 | |||
| 245 | |a Descolectivización: |b reforma agraria "desde abajo" | ||
| 650 | |a REFORMA AGRARIA | ||
| 650 | |a TIERRAS | ||
| 650 | |a PROPIEDAD PRIVADA | ||
| 650 | |a POLITICA | ||
| 650 | |a DEUDA | ||
| 650 | |a POBLACION RURAL | ||
| 773 | |g volumen 13, número 154; páginas 17-23 | ||
| 999 | |c 38880 |d 38880 | ||
